Normal view
MARC view
Entry Personal Name
001 - CONTROL NUMBER
- control field: 771675
003 - CONTROL NUMBER IDENTIFIER
- control field: OSt
005 - DATE AND TIME OF LATEST TRANSACTION
- control field: 20250508161841.0
008 - FIXED-LENGTH DATA ELEMENTS
- fixed length control field: 250508|| aca||aabn | a|a d
040 ## - CATALOGING SOURCE
- Original cataloging agency: OSt
- Transcribing agency: OSt
100 ## - HEADING--PERSONAL NAME
- Personal name: Kamra Mohan Lal
670 ## - SOURCE DATA FOUND
- Source citation: Work cat.: (OSt)1372648: Kamra Mohan Lal, Study report on the problems faced by the minority aided schools in Delhi vis-a-vis implementation of the Delhi school education act 1973, 1977
